Environmental engineering
This volume, Environmental Engineering: Water, Wastewater, Soil and Groundwater Treatment and Remediation, Sixth Edition, covers: Water treatment; Water supply; Wastewater treatment.
Đã lưu trong:
| 格式: | 圖書 |
|---|---|
| 語言: | Undetermined |
| 出版: |
Hoboken, N.J.
Wiley
2009
|
| 主題: | |
| 標簽: |
添加標簽
沒有標簽, 成為第一個標記此記錄!
|
| Thư viện lưu trữ: | Trung tâm Học liệu Trường Đại học Cần Thơ |
|---|
| LEADER | 00865nam a2200217Ia 4500 | ||
|---|---|---|---|
| 001 | CTU_237281 | ||
| 008 | 210402s9999 xx 000 0 und d | ||
| 082 | |a 628.1 | ||
| 082 | |b E61 | ||
| 245 | 0 | |a Environmental engineering | |
| 245 | 0 | |c Edited by Nelson L. Nemerow ... [et al.]. | |
| 260 | |a Hoboken, N.J. | ||
| 260 | |b Wiley | ||
| 260 | |c 2009 | ||
| 520 | |a This volume, Environmental Engineering: Water, Wastewater, Soil and Groundwater Treatment and Remediation, Sixth Edition, covers: Water treatment; Water supply; Wastewater treatment. | ||
| 526 | |a Ô nhiễm đất và kỹ thuật phục hồi | ||
| 526 | |b MT330 | ||
| 650 | |a Water,Water-supply engineering,Kỹ thuật cấp thoát nước,Nước | ||
| 650 | |x Purification.,Thanh lọc. | ||
| 904 | |i Tuyến | ||
| 980 | |a Trung tâm Học liệu Trường Đại học Cần Thơ | ||